000 00273nam a2200109 4500
008 160624b xxu||||| |||| 00| 0 eng d
100 _9939
_a Cosby, C.N
245 _aWayside Reveries
260 _aTexas
_b C.N.Cosby Pub.
_c1974
300 _aWayside Reveries
942 _2ddc
_cBK
999 _c745
_d745